| 000 | 00588nam a22001937a 4500 | ||
|---|---|---|---|
| 999 |
_c188923 _d188923 |
||
| 005 | 20220607152903.0 | ||
| 010 | _aENG-133096 | ||
| 020 |
_c250.00 _a978-93-81680-01-8 |
||
| 035 | _aEN-116628 | ||
| 037 | _bDBAD/PUB | ||
| 082 | _a920 | ||
| 100 | _aSarkar, Dilip Kumar | ||
| 245 |
_aNobel Prize for Physiology or Medicine/ _cDilip Kumar Sarkar |
||
| 250 | _bKolkata | ||
| 260 |
_c2019 _bPrincipal Dilip Kumar Sarkar |
||
| 270 |
_aI39A, C-4/2, Triparna, 39A, Gobinda Auddy Road Chetla _bKOlkata _e27 |
||
| 300 |
_a200p. _c21cm(pbk) |
||
| 942 |
_2ddc _cEN _mSAR _h920 |
||